000 00895nam a22002777a 4500
001 BR9603564
003 BR-BrBNA
005 20230928095241.0
007 ta
008 230509b bl.||||| |||| 00| 0 por d
040 _aBR-BrBNA
_bpor
_cBiblioteca Nacional de Agricultura
041 _a(Por)
072 _aF06
_b0810
090 _ 0810 BR9603564
100 1 _aHernandez, F.B.T.
110 1 _aEscola Superior de Agricultura Luiz de Queiroz, Piracicaba, SP (Brasil)
_0Tese (Doutor em Agronomia)
245 1 _aEfeitos da supressao hidrica nos aspectos produtivos e qualitativos da cultura do melao
260 3 _aPiracicaba, SP (Brasil):
_c1995.
300 _a80 p.
500 _aSummaries (Eng, Por); 14 illus.; 12 tables; Bibliography p. 64-74
650 _aMelao
650 _aIrrigacao por Gotejamento
650 _aStress
909 _a202309
_bLucia
_c55
_dLucia Elande
942 _cBK
999 _c55429
_d55429